| 000 | 01105nam a2200277 i 4500 | ||
|---|---|---|---|
| 003 | DO-SdBNP | ||
| 005 | 20250512104848.0 | ||
| 007 | ta | ||
| 008 | 250512b2022 dr a|||| |||| 00| 0 spa d | ||
| 020 | _a9789945638028 | ||
| 040 |
_aDO-SdBNP _bspa _cBNPHU _erda |
||
| 041 | _aspa | ||
| 082 | 4 |
_axxx _bC314u _222 |
|
| 100 | 1 |
_aCarrera Aguilera, Pedro _d1954- _4aut. _eautor _987741 |
|
| 245 | 1 | 4 |
_aUna mirada a la colonia de Santo Domingo : _bgastronomía, pestilencia, ruralidad, ganadería y agricultura / _cPedro Carrera Aguilera ; diagramación e ilustraciones, M. Virginia Perdomo Caba. |
| 264 | 4 |
_aSanto Domingo, República Dominicana : _bInstituto Nacional de Formación Técnico Profesional, _c2021. |
|
| 300 |
_a378 páginas : _bilustraciones ; _c23 cm. |
||
| 336 |
_atexto _btxt _2rdacontent |
||
| 337 |
_asin mediación _bn _2rdamedia |
||
| 338 |
_avolumen _bnc _2rdacarrier |
||
| 500 | _aIncluye referencias bibliográficas y notas al pie de las páginas | ||
| 590 | _aInventariado, 2025 /LP | ||
| 700 | 1 |
_aPerdomo Caba, M. Virginia, _eilustrador _4il. _987742 |
|
| 910 | _aLP | ||
| 942 |
_2ddc _cLBS1 |
||
| 999 |
_c58481 _d58481 |
||